[Event "Scarborough CC Howard Ridout Swiss"]
[Site "Toronto CAN"]
[Date "2009.09.10"]
[Round "1"]
[White "Marcille, Gord"]
[Black "Radpey, Abdolreza"]
[Result "1/2-1/2"]
[WhiteElo "1855"]
[BlackElo "1488"]
[PlyCount "68"]
[GameId "2160767910096751"]
[EventDate "2009.09.10"]
[EventType "swiss"]
[EventRounds "7"]
[EventCountry "CAN"]
[SourceTitle "EXT 2011"]
[Source "ChessBase"]
[SourceDate "2011.11.26"]
[SourceVersion "1"]
[SourceVersionDate "2011.11.26"]
[SourceQuality "1"]

1. e4 c5 2. Nf3 Nc6 3. Nc3 e5 4. Bc4 Be7 5. O-O Nf6 6. d3 O-O 7. Bg5 h6 8. Bxf6 Bxf6 9. Nd5 d6 10. h3 Nd4 11. c3 Ne6 12. Nh2 Rb8 13. Ng4 Bg5 14. d4 cxd4 15. cxd4 Nxd4 16. f4 Bxg4 17. hxg4 Bh4 18. Ne3 Bg3 19. g5 hxg5 20. f5 Qf6 21. Ng4 Qd8 22. f6 Qb6 23. Kh1 Qxb2 24. fxg7 Kxg7 25. Qc1 Rh8+ 26. Kg1 Ne2+ 27. Bxe2 Qxe2 28. Qxg5+ Kf8 29. Rxf7+ Kxf7 30. Qf6+ Kg8 31. Qg6+ Kf8 32. Qf6+ Kg8 33. Qg6+ Kf8 34. Qf6+ Kg8 1/2-1/2

[Event "Scarborough CC Howard Ridout Swiss"]
[Site "Toronto CAN"]
[Date "2009.09.10"]
[Round "1"]
[White "Mesiti, Silvano"]
[Black "Southam, David"]
[Result "0-1"]
[WhiteElo "1774"]
[BlackElo "2146"]
[PlyCount "104"]
[GameId "2160767910096752"]
[EventDate "2009.09.10"]
[EventType "swiss"]
[EventRounds "7"]
[EventCountry "CAN"]
[SourceTitle "EXT 2011"]
[Source "ChessBase"]
[SourceDate "2011.11.26"]
[SourceVersion "1"]
[SourceVersionDate "2011.11.26"]
[SourceQuality "1"]

1. e4 c5 2. Nf3 e6 3. Nc3 a6 4. d4 cxd4 5. Nxd4 Nc6 6. Be3 Nge7 7. Be2 Nxd4 8. Bxd4 Nc6 9. Be3 b5 10. O-O Be7 11. a3 Bb7 12. Bf3 Qc7 13. g3 O-O 14. Bg2 Na5 15. Bd4 Nc4 16. Ne2 Rac8 17. Bc3 Rfd8 18. Nf4 Nxa3 19. Qg4 e5 20. Nh5 g6 21. Nf6+ Bxf6 22. Rxa3 Re8 23. Rc1 Bg7 24. Ba5 Qc6 25. Rc3 Qe6 26. Rxc8 Rxc8 27. Qxe6 fxe6 28. c3 Bf8 29. Rd1 Bc6 30. Kf1 Kf7 31. f3 Bc5 32. Ke2 Ke7 33. Bb4 Bxb4 34. cxb4 Bb7 35. Rd3 Rc4 36. Rc3 Rxb4 37. b3 a5 38. Kd3 Bc6 39. h4 a4 40. bxa4 bxa4 41. Kc2 Rb6 42. Bf1 Rb4 43. g4 Rb8 44. Be2 Ra8 45. Ra3 Kd6 46. Kc3 Kc5 47. Bd3 Rf8 48. Be2 Rf4 49. Bd1 d5 50. Bxa4 Rxf3+ 51. Kb2 Rxa3 52. Kxa3 Bxa4 0-1

[Event "Scarborough CC Howard Ridout Swiss"]
[Site "Toronto CAN"]
[Date "2009.09.10"]
[Round "1"]
[White "Paterson, Jim"]
[Black "Henry, Liam"]
[Result "0-1"]
[WhiteElo "1839"]
[BlackElo "2275"]
[PlyCount "88"]
[GameId "2160767910096753"]
[EventDate "2009.09.10"]
[EventType "swiss"]
[EventRounds "7"]
[EventCountry "CAN"]
[SourceTitle "EXT 2011"]
[Source "ChessBase"]
[SourceDate "2011.11.26"]
[SourceVersion "1"]
[SourceVersionDate "2011.11.26"]
[SourceQuality "1"]

1. d4 Nf6 2. Nf3 g6 3. g3 Bg7 4. Bg2 d5 5. c4 Nc6 6. cxd5 Nxd5 7. Nc3 Nb6 8. e3 O-O 9. O-O e5 10. dxe5 Nxe5 11. Nxe5 Bxe5 12. Qc2 c6 13. Rd1 Qe7 14. Bd2 Bg4 15. f3 Be6 16. Rab1 Nc4 17. Bc1 Rad8 18. Rd3 Rxd3 19. Qxd3 Rd8 20. Qc2 Qc5 21. Ne4 Qb4 22. Kf2 Nd6 23. Nc3 Qc5 24. Bf1 Bxa2 25. Ra1 Be6 26. Bd3 Bf5 27. Bxf5 Nxf5 28. Ra3 h5 29. Qe4 Nd6 30. Qd3 Re8 31. Rb3 b5 32. Bd2 Bg7 33. Nd1 Nc4 34. Bc3 Qe7 35. Bxg7 Kxg7 36. Qd4+ Kg8 37. Rd3 c5 38. Qd7 Ne5 39. Qxe7 Nxd3+ 40. Ke2 Rxe7 41. Kxd3 Rd7+ 42. Kc2 c4 43. Nf2 Kg7 44. Kc3 a5 0-1

[Event "Scarborough CC Howard Ridout Swiss"]
[Site "Toronto CAN"]
[Date "2009.09.10"]
[Round "1"]
[White "Pedersen, Rune"]
[Black "Wiebe, Daniel"]
[Result "1-0"]
[WhiteElo "2076"]
[BlackElo "1929"]
[PlyCount "39"]
[GameId "2160767910096754"]
[EventDate "2009.09.10"]
[EventType "swiss"]
[EventRounds "7"]
[EventCountry "CAN"]
[SourceTitle "EXT 2011"]
[Source "ChessBase"]
[SourceDate "2011.11.26"]
[SourceVersion "1"]
[SourceVersionDate "2011.11.26"]
[SourceQuality "1"]

1. e4 c5 2. Nf3 d6 3. d4 cxd4 4. Nxd4 Nf6 5. Nc3 a6 6. Bg5 e6 7. f4 Qb6 8. Nb3 Be7 9. Qf3 Nc6 10. O-O-O O-O 11. Bd3 a5 12. Qh3 a4 13. e5 Nb4 14. exf6 Nxd3+ 15. Rxd3 axb3 16. fxe7 Re8 17. cxb3 f6 18. Bxf6 gxf6 19. Rg3+ Kh8 20. Qh6 1-0

[Event "Scarborough CC Howard Ridout Swiss"]
[Site "Toronto CAN"]
[Date "2009.09.10"]
[Round "1"]
[White "Rapoport, Alexander"]
[Black "Moffat, Andrei"]
[Result "0-1"]
[WhiteElo "1814"]
[BlackElo "2210"]
[PlyCount "92"]
[GameId "2160767910096755"]
[EventDate "2009.09.10"]
[EventType "swiss"]
[EventRounds "7"]
[EventCountry "CAN"]

1. d4 d5 2. e3 Nc6 3. c4 e5 4. dxe5 d4 5. exd4 Qxd4 6. Qxd4 Nxd4 7. Bd3 Be6 8. Na3 O-O-O 9. Ne2 Nc6 10. Be4 Nxe5 11. Bf4 Bb4+ 12. Kf1 Nxc4 13. Nxc4 Bxc4 14. Rc1 Bxe2+ 15. Kxe2 Bd6 16. Rhd1 Kb8 17. Bxd6 Rxd6 18. Rxd6 cxd6 19. Bd5 f6 20. Rc3 Ne7 21. Be6 Nc6 22. Kd2 Rd8 23. Bd5 Kc7 24. b4 Kb6 25. a3 Re8 26. Rg3 Re7 27. Rc3 Re5 28. Rd3 Ne7 29. Bb3 Kc7 30. f4 Re4 31. g3 Nc6 32. Rc3 Kd7 33. Bc2 Rd4+ 34. Ke3 Rd5 35. g4 a5 36. Bf5+ Kc7 37. bxa5 h6 38. Ke4 Rxa5 39. Be6 Ra4+ 40. Kf5 Kd8 41. Kg6 Rxf4 42. Kxg7 Nd4 43. Rc8+ Ke7 44. Bd5 Rxg4+ 45. Kxh6 Kd7 46. Bxb7 Rh4+ 0-1

[Event "Scarborough CC Howard Ridout Swiss"]
[Site "Toronto CAN"]
[Date "2009.09.10"]
[Round "1"]
[White "Sellars, Karl"]
[Black "Maister, Martin"]
[Result "1-0"]
[WhiteElo "2268"]
[BlackElo "1839"]
[PlyCount "65"]
[GameId "2160767910096756"]
[EventDate "2009.09.10"]
[EventType "swiss"]
[EventRounds "7"]
[EventCountry "CAN"]
[SourceTitle "EXT 2011"]
[Source "ChessBase"]
[SourceDate "2011.11.26"]
[SourceVersion "1"]
[SourceVersionDate "2011.11.26"]
[SourceQuality "1"]

1. e4 c5 2. c3 Nf6 3. d3 g6 4. f4 Bg7 5. Nf3 O-O 6. Qe2 d6 7. h3 Nc6 8. Na3 e5 9. fxe5 Nxe5 10. Nxe5 Nh5 11. Nec4 Ng3 12. Qf3 Nxh1 13. g3 Nxg3 14. Qxg3 d5 15. exd5 Re8+ 16. Be3 a6 17. Bg2 b5 18. Nd2 Bh6 19. Nc2 f5 20. Qf3 f4 21. Ne4 Rxe4 22. dxe4 fxe3 23. Ke2 Qh4 24. Rf1 Ra7 25. Nxe3 a5 26. e5 b4 27. Qe4 Qxe4 28. Bxe4 Ba6+ 29. Bd3 Bxe3 30. Bxa6 Bg5 31. Bc4 bxc3 32. bxc3 Rf7 33. d6 1-0

[Event "Scarborough CC Howard Ridout Swiss"]
[Site "Toronto CAN"]
[Date "2009.09.10"]
[Round "1"]
[White "Sherman, Joshua"]
[Black "Kurkowski, Ken"]
[Result "1-0"]
[WhiteElo "1912"]
[BlackElo "1690"]
[PlyCount "69"]
[GameId "2160767910096757"]
[EventDate "2009.09.10"]
[EventType "swiss"]
[EventRounds "7"]
[EventCountry "CAN"]
[SourceTitle "EXT 2011"]
[Source "ChessBase"]
[SourceDate "2011.11.26"]
[SourceVersion "1"]
[SourceVersionDate "2011.11.26"]
[SourceQuality "1"]

1. e4 e6 2. d3 d5 3. Nd2 Nf6 4. Ngf3 Be7 5. g3 O-O 6. Bg2 c5 7. O-O Nc6 8. Re1 b5 9. e5 Nd7 10. Nf1 a5 11. h4 a4 12. a3 b4 13. Bf4 Qa5 14. Ne3 Ba6 15. Ng4 Rfb8 16. Ng5 bxa3 17. bxa3 Rb2 18. Nxf7 Nd4 19. Ngh6+ Kf8 20. Qg4 gxh6 21. Nxh6 Ke8 22. Qg8+ Nf8 23. Bg5 Bxg5 24. Qf7+ Kd8 25. Qxf8+ Kd7 26. Qd6+ Kc8 27. hxg5 Qc7 28. Qf8+ Kb7 29. Qf6 Qd7 30. Rab1 Rb6 31. c4 Nc2 32. cxd5 exd5 33. Qxb6+ Kc8 34. Qxc5+ Kd8 35. Qxc2 1-0

[Event "Scarborough CC Howard Ridout Swiss"]
[Site "Toronto CAN"]
[Date "2009.09.10"]
[Round "1"]
[White "Smith, Maurice"]
[Black "Moysoski, Randy"]
[Result "0-1"]
[WhiteElo "1683"]
[BlackElo "1894"]
[PlyCount "136"]
[GameId "2160767910096758"]
[EventDate "2009.09.10"]
[EventType "swiss"]
[EventRounds "7"]
[EventCountry "CAN"]
[SourceTitle "EXT 2011"]
[Source "ChessBase"]
[SourceDate "2011.11.26"]
[SourceVersion "1"]
[SourceVersionDate "2011.11.26"]
[SourceQuality "1"]

1. e4 d5 2. exd5 Qxd5 3. Nc3 Qa5 4. d4 Nf6 5. Nf3 Bg4 6. Be2 e6 7. O-O c6 8. Bd2 Qc7 9. h3 Bf5 10. Re1 Nbd7 11. Rc1 h6 12. Bf1 Bd6 13. Be3 g5 14. g4 Bg6 15. Bd3 Bxd3 16. cxd3 Be7 17. Ne4 Nd5 18. Bd2 Nf4 19. Bxf4 Qxf4 20. Qe2 h5 21. Qe3 Qxe3 22. fxe3 hxg4 23. hxg4 O-O-O 24. Kg2 f5 25. gxf5 exf5 26. Ng3 g4 27. Ng1 Bh4 28. N1e2 Nb6 29. Nf4 Nd5 30. Nxd5 Rxd5 31. Rh1 Kd7 32. Rcf1 Ke7 33. Ne2 Rdd8 34. Nf4 Kf6 35. Ne2 Kg5 36. e4 Rhf8 37. exf5 Rxf5 38. Rxf5+ Kxf5 39. Rf1+ Ke6 40. Nf4+ Kf5 41. Ne2+ Kg6 42. Nf4+ Kf7 43. Ne2+ Ke7 44. Rf4 Rg8 45. Re4+ Kd7 46. Rf4 Rg7 47. Nc3 Be1 48. Ne4 g3 49. Nf6+ Kc8 50. Ne4 Kc7 51. Rf3 Rd7 52. Nxg3 Rxd4 53. Ne4 Kb6 54. Kf1 Ba5 55. Ke2 Rb4 56. b3 Rd4 57. Rf4 Bb4 58. Ke3 Rd8 59. Rf3 Ba3 60. Nd2 Bc5+ 61. Ke2 Rh8 62. Nc4+ Ka6 63. a4 Rh2+ 64. Kd1 Bb4 65. Kc1 Re2 66. Kb1 Re6 67. Rf5 b5 68. axb5+ cxb5 0-1

[Event "Scarborough CC Howard Ridout Swiss"]
[Site "Toronto CAN"]
[Date "2009.09.10"]
[Round "1"]
[White "Verde, Pino"]
[Black "Picana, Andrew"]
[Result "0-1"]
[WhiteElo "1757"]
[BlackElo "2103"]
[PlyCount "134"]
[GameId "2160767910096759"]
[EventDate "2009.09.10"]
[EventType "swiss"]
[EventRounds "7"]
[EventCountry "CAN"]
[SourceTitle "EXT 2011"]
[Source "ChessBase"]
[SourceDate "2011.11.26"]
[SourceVersion "1"]
[SourceVersionDate "2011.11.26"]
[SourceQuality "1"]

1. e4 e6 2. d3 d5 3. Nd2 Nf6 4. Ngf3 Bb4 5. c3 Be7 6. e5 Nfd7 7. d4 c5 8. g3 Nc6 9. Bg2 cxd4 10. cxd4 Qb6 11. Nb3 Bb4+ 12. Bd2 a5 13. Bc3 a4 14. Nbd2 a3 15. Qb3 axb2 16. Qxb2 Bxc3 17. Qxc3 Qb4 18. Qxb4 Nxb4 19. O-O Rxa2 20. Rxa2 Nxa2 21. Ra1 Nb4 22. Ra8 O-O 23. Bf1 Nc6 24. Nb3 f6 25. Bh3 Nb6 26. Ra1 fxe5 27. Nxe5 Nxe5 28. dxe5 Nc4 29. f4 g5 30. Nd4 Kf7 31. Ra8 Nb6 32. Bxe6+ Ke7 33. Rb8 Nd7 34. Ra8 gxf4 35. gxf4 Rxf4 36. Rxc8 Rxd4 37. Bxd7 Kxd7 38. Rh8 Rh4 39. Rf8 b5 40. Rf6 Kc7 41. Kg2 b4 42. Kg3 Re4 43. Rf7+ Kc6 44. Rxh7 b3 45. Rh8 Rb4 46. Rc8+ Kd7 47. Rc1 Ke6 48. Kf3 Kxe5 49. Ke3 Rh4 50. Rb1 Rxh2 51. Kd3 Rh3+ 52. Kd2 Kd4 53. Rg1 Rh2+ 54. Kc1 Kc4 55. Rg4+ d4 56. Rg7 Kc3 57. Rc7+ Kd3 58. Rb7 Rc2+ 59. Kb1 b2 60. Rd7 Re2 61. Rd8 Kc3 62. Rc8+ Kd2 63. Rd8 d3 64. Rd7 Re8 65. Rb7 Ke1 66. Rh7 d2 67. Rh1+ Ke2 0-1

[Event "Scarborough CC Howard Ridout Swiss"]
[Site "Toronto CAN"]
[Date "2009.09.10"]
[Round "1"]
[White "Wu, Aaron"]
[Black "Rutherdale, William"]
[Result "1-0"]
[WhiteElo "1963"]
[BlackElo "1741"]
[PlyCount "79"]
[GameId "2160767910096760"]
[EventDate "2009.09.10"]
[EventType "swiss"]
[EventRounds "7"]
[EventCountry "CAN"]
[SourceTitle "EXT 2011"]
[Source "ChessBase"]
[SourceDate "2011.11.26"]
[SourceVersion "1"]
[SourceVersionDate "2011.11.26"]
[SourceQuality "1"]

1. e4 e5 2. Nf3 Nc6 3. Bb5 a6 4. Ba4 Nf6 5. O-O Be7 6. Re1 b5 7. Bb3 d6 8. c3 O-O 9. h3 Na5 10. Bc2 c5 11. d4 Nd7 12. Nbd2 exd4 13. cxd4 Nc6 14. e5 Nxd4 15. Nxd4 cxd4 16. Qf3 Rb8 17. exd6 Bxd6 18. Nb3 Ne5 19. Rxe5 Bxe5 20. Qe4 f5 21. Qxe5 Bb7 22. Qxd4 Qc7 23. Qc3 Qb6 24. Bd1 Qd6 25. Bf3 Rbc8 26. Qd4 Qxd4 27. Nxd4 Bxf3 28. Nxf3 Rfd8 29. Be3 Rc2 30. b3 Rdc8 31. Nd4 R2c7 32. Nxf5 g6 33. Nd6 Rf8 34. a4 Rc6 35. Ne4 Re8 36. Nd2 Rc2 37. axb5 axb5 38. Nf3 Rb2 39. Nd4 Rb8 40. Bc1 1-0

[Event "Scarborough CC Howard Ridout Swiss"]
[Site "Toronto CAN"]
[Date "2009.09.10"]
[Round "1"]
[White "Wu, Kevin"]
[Black "Jizan, Masoud"]
[Result "1-0"]
[WhiteElo "1954"]
[BlackElo "1718"]
[PlyCount "111"]
[GameId "2160767910096761"]
[EventDate "2009.09.10"]
[EventType "swiss"]
[EventRounds "7"]
[EventCountry "CAN"]
[SourceTitle "EXT 2011"]
[Source "ChessBase"]
[SourceDate "2011.11.26"]
[SourceVersion "1"]
[SourceVersionDate "2011.11.26"]
[SourceQuality "1"]

1. e4 e5 2. Nf3 Nc6 3. Bb5 Nf6 4. O-O Bc5 5. d3 h6 6. Bxc6 dxc6 7. Nxe5 Qe7 8. Nc4 Be6 9. b3 Rd8 10. Qe1 Bd4 11. c3 Bb6 12. Nxb6 cxb6 13. d4 O-O 14. d5 Bc8 15. Ba3 c5 16. Nd2 Rfe8 17. f3 b5 18. Bb2 c4 19. Qf2 cxb3 20. axb3 a6 21. c4 bxc4 22. bxc4 Nd7 23. Qd4 f6 24. Nb3 Ne5 25. Ba3 Qc7 26. c5 Bd7 27. Bb4 Bb5 28. Ba5 Qf7 29. Bxd8 Bxf1 30. Bxf6 Qxf6 31. Rxf1 Rd8 32. Rf2 a5 33. Kf1 Ra8 34. Ra2 Qa6+ 35. Kg1 Qf6 36. d6 h5 37. Qd5+ Qf7 38. Qxe5 Qxb3 39. Qd5+ Qxd5 40. exd5 Kf7 41. Kf2 Kf6 42. f4 Kf5 43. Ra4 Kf6 44. Kf3 g6 45. g3 Kf7 46. Ke4 Re8+ 47. Kd4 Ra8 48. Kc4 Re8 49. Rxa5 Re2 50. Ra7 Rc2+ 51. Kb5 Rb2+ 52. Ka5 Ra2+ 53. Kb6 Rb2+ 54. Kc7 Rc2 55. c6 b5 56. d7 1-0

[Event "Scarborough CC Howard Ridout Swiss"]
[Site "Toronto CAN"]
[Date "2009.09.10"]
[Round "1"]
[White "Yuan, Yuanling"]
[Black "Conte, Michael"]
[Result "1-0"]
[WhiteElo "2301"]
[BlackElo "1840"]
[PlyCount "77"]
[GameId "2160767910096762"]
[EventDate "2009.09.10"]
[EventType "swiss"]
[EventRounds "7"]
[EventCountry "CAN"]
[SourceTitle "EXT 2011"]
[Source "ChessBase"]
[SourceDate "2011.11.26"]
[SourceVersion "1"]
[SourceVersionDate "2011.11.26"]
[SourceQuality "1"]

1. e4 c6 2. d4 d5 3. Nc3 dxe4 4. Nxe4 Bf5 5. Ng3 Bg6 6. Nf3 Nd7 7. Bd3 Bxd3 8. Qxd3 e6 9. O-O Ngf6 10. c4 Qc7 11. Re1 Be7 12. Bd2 O-O 13. Bc3 Rfe8 14. Rad1 Rad8 15. Qc2 Qf4 16. Bd2 Qb8 17. b4 Bd6 18. Bc3 Bf8 19. Ne5 Qc7 20. Qe2 Nxe5 21. dxe5 Rxd1 22. Rxd1 Nd7 23. Nh5 Rd8 24. Qe3 Be7 25. Qg3 Bf8 26. Qh4 Rc8 27. Re1 Rd8 28. Rd1 Rc8 29. Rd3 Rd8 30. h3 h6 31. Rg3 g5 32. Qe4 Be7 33. h4 Kh8 34. hxg5 Bxg5 35. f4 Be7 36. Rg7 f5 37. exf6 Nxf6 38. Bxf6 Rd1+ 39. Kh2 1-0

[Event "Scarborough CC Howard Ridout Swiss"]
[Site "Toronto CAN"]
[Date "2009.09.10"]
[Round "1"]
[White "Zhou, Kevin"]
[Black "Hall, John2"]
[Result "0-1"]
[WhiteElo "1826"]
[BlackElo "2257"]
[PlyCount "58"]
[GameId "2160767910096763"]
[EventDate "2009.09.10"]
[EventType "swiss"]
[EventRounds "7"]
[EventCountry "CAN"]
[SourceTitle "EXT 2011"]
[Source "ChessBase"]
[SourceDate "2011.11.26"]
[SourceVersion "1"]
[SourceVersionDate "2011.11.26"]
[SourceQuality "1"]

1. e4 e5 2. Nf3 Nf6 3. Nxe5 d6 4. Nf3 Nxe4 5. Nc3 Nxc3 6. dxc3 Be7 7. Be2 O-O 8. O-O Nc6 9. Bf4 Bf6 10. Nd4 Bd7 11. Bf3 Rb8 12. Re1 Ne5 13. Bd5 a6 14. Nf3 Bg4 15. h3 Nxf3+ 16. Bxf3 Bf5 17. Qd2 Qd7 18. Re2 Qb5 19. Rb1 Be6 20. Qd3 Bc4 21. Qd2 Bxe2 22. Bxe2 Bxc3 23. Qxc3 Qxe2 24. Re1 Qb5 25. Re7 Qc6 26. Qxc6 bxc6 27. Rxc7 Rxb2 28. Rxc6 Rxa2 29. Bxd6 Ra8 0-1

[Event "Scarborough CC Howard Ridout Swiss"]
[Site "Toronto CAN"]
[Date "2009.09.17"]
[Round "2"]
[White "Armstrong, Robert J"]
[Black "Smith, Maurice"]
[Result "1-0"]
[WhiteElo "1804"]
[BlackElo "1683"]
[PlyCount "80"]
[GameId "2160767910096764"]
[EventDate "2009.09.10"]
[EventType "swiss"]
[EventRounds "7"]
[EventCountry "CAN"]
[SourceTitle "EXT 2011"]
[Source "ChessBase"]
[SourceDate "2011.11.26"]
[SourceVersion "1"]
[SourceVersionDate "2011.11.26"]
[SourceQuality "1"]

1. d4 Nf6 2. c4 c5 3. d5 b5 4. cxb5 a6 5. Nc3 d6 6. e4 g6 7. f4 Bg7 8. Nf3 O-O 9. bxa6 Bxa6 10. Bxa6 Nxa6 11. O-O Nd7 12. Kh1 Qc7 13. a3 Rfb8 14. Qe2 Qb6 15. e5 dxe5 16. fxe5 Nc7 17. Rb1 Qa6 18. Qxa6 Rxa6 19. Bf4 Rc8 20. Rbe1 Rb6 21. Re2 e6 22. d6 Nd5 23. Nxd5 exd5 24. Ng5 Re8 25. Nxf7 Nf8 26. Bh6 Bxh6 27. Nxh6+ Kg7 28. Nf7 Rb7 29. Ng5 Ne6 30. h4 h6 31. Nxe6+ Rxe6 32. Rc1 c4 33. Rd1 Rb5 34. d7 Rb8 35. Rxd5 Rd8 36. Re4 Kf7 37. Rxc4 Ke7 38. Kg1 Rxd7 39. Rxd7+ Kxd7 40. Re4 Rc6 1-0

[Event "Scarborough CC Howard Ridout Swiss"]
[Site "Toronto CAN"]
[Date "2009.09.17"]
[Round "2"]
[White "Conte, Michael"]
[Black "Moran-Venegas, Mario"]
[Result "0-1"]
[WhiteElo "1840"]
[BlackElo "1762"]
[PlyCount "100"]
[GameId "2160767910096765"]
[EventDate "2009.09.10"]
[EventType "swiss"]
[EventRounds "7"]
[EventCountry "CAN"]
[SourceTitle "EXT 2011"]
[Source "ChessBase"]
[SourceDate "2011.11.26"]
[SourceVersion "1"]
[SourceVersionDate "2011.11.26"]
[SourceQuality "1"]

1. e4 e5 2. Nf3 Nf6 3. Nc3 Nc6 4. g3 Bc5 5. Bg2 d6 6. h3 O-O 7. O-O Nd4 8. d3 c6 9. Kh2 Nxf3+ 10. Bxf3 a5 11. a4 Rb8 12. Ne2 b5 13. Qe1 b4 14. b3 h6 15. Be3 Bxe3 16. fxe3 Nh7 17. Ng1 Rb7 18. Rd1 c5 19. Bg2 Rc7 20. Nf3 Be6 21. Nd2 Ng5 22. Qe2 f6 23. h4 Nh7 24. Bh3 Bxh3 25. Kxh3 Qc8+ 26. Qg4 Qxg4+ 27. Kxg4 Ra7 28. Rf2 Kf7 29. Rdf1 Ke6 30. Nf3 Raf7 31. Nd2 Ra7 32. Nc4 Rff7 33. Kh5 Nf8 34. Kg4 Nd7 35. Kh3 Ra6 36. g4 Nb6 37. Nd2 Ra8 38. Nf3 Rg8 39. g5 Nd7 40. gxh6 gxh6 41. Ng5+ hxg5 42. h5 g4+ 43. Kg3 Rh7 44. Rf5 Rh6 45. d4 cxd4 46. exd4 Nb6 47. R1f2 Nc8 48. Rh2 Ne7 49. d5+ Nxd5 50. Kh4 Ne3 0-1

[Event "Scarborough CC Howard Ridout Swiss"]
[Site "Toronto CAN"]
[Date "2009.09.17"]
[Round "2"]
[White "Ferreira, Alex"]
[Black "Sellars, Karl"]
[Result "1-0"]
[WhiteElo "1956"]
[BlackElo "2268"]
[PlyCount "35"]
[GameId "2160767910096766"]
[EventDate "2009.09.10"]
[EventType "swiss"]
[EventRounds "7"]
[EventCountry "CAN"]
[SourceTitle "EXT 2011"]
[Source "ChessBase"]
[SourceDate "2011.11.26"]
[SourceVersion "1"]
[SourceVersionDate "2011.11.26"]
[SourceQuality "1"]

1. e4 e6 2. d4 d5 3. Nc3 Bb4 4. e5 c5 5. a3 Bxc3+ 6. bxc3 Ne7 7. f4 Nbc6 8. Nf3 Bd7 9. a4 Rc8 10. Ba3 b6 11. Ba6 Rb8 12. O-O Na5 13. dxc5 Qc7 14. c6 Qxc6 15. Bd6 Ra8 16. Nd4 Qxc3 17. Rf3 Qb2 18. Ba3 1-0

[Event "Scarborough CC Howard Ridout Swiss"]
[Site "Toronto CAN"]
[Date "2009.09.17"]
[Round "2"]
[White "Hall, John2"]
[Black "Wu, Aaron"]
[Result "1-0"]
[WhiteElo "2257"]
[BlackElo "1963"]
[PlyCount "137"]
[GameId "2160767910096767"]
[EventDate "2009.09.10"]
[EventType "swiss"]
[EventRounds "7"]
[EventCountry "CAN"]
[SourceTitle "EXT 2011"]
[Source "ChessBase"]
[SourceDate "2011.11.26"]
[SourceVersion "1"]
[SourceVersionDate "2011.11.26"]
[SourceQuality "1"]

1. d4 Nf6 2. Nf3 g6 3. c4 Bg7 4. Nc3 O-O 5. Bg5 d6 6. e3 Nc6 7. Be2 Bf5 8. O-O h6 9. Bh4 g5 10. Bg3 Nh5 11. Rc1 Nxg3 12. hxg3 Qd7 13. d5 Ne5 14. Nd4 c5 15. dxc6 Nxc6 16. Nxf5 Qxf5 17. b3 Bxc3 18. Rxc3 Qf6 19. Rc2 Qe5 20. Bf3 Rab8 21. Rd2 Rfd8 22. Bd5 Nb4 23. Qh5 Nxd5 24. Rxd5 Qg7 25. Rfd1 b6 26. Qf3 Rdc8 27. g4 Rc5 28. g3 Rxd5 29. Qxd5 Kh8 30. Kg2 f6 31. Qe6 Qf8 32. Rd4 Rd8 33. Re4 a5 34. Qxe7 Qxe7 35. Rxe7 d5 36. cxd5 Rxd5 37. Re6 b5 38. Rxf6 Kg7 39. Rf5 Rd2 40. a4 b4 41. Rxa5 Rd3 42. Ra7+ Kf6 43. Rb7 Rxb3 44. a5 Ra3 45. Rb6+ Kg7 46. a6 b3 47. Rb7+ Kf6 48. a7 b2 49. Rxb2 Rxa7 50. Rb6+ Kg7 51. Rb5 Ra2 52. Rb6 Rc2 53. Kf3 Ra2 54. Rb5 Rc2 55. Rb1 Rc6 56. Rb2 Kf6 57. Re2 Ke5 58. Kg2 Ke4 59. Rd2 Ke5 60. f4+ Ke6 61. Kf3 Rc3 62. Ra2 Rc6 63. Ra3 Rb6 64. Ra5 Kf6 65. Rf5+ Kg6 66. Re5 Rb3 67. Re6+ Kg7 68. Ke4 Rb4+ 69. Kf5 1-0

[Event "Scarborough CC Howard Ridout Swiss"]
[Site "Toronto CAN"]
[Date "2009.09.17"]
[Round "2"]
[White "Henry, Liam"]
[Black "Pedersen, Rune"]
[Result "0-1"]
[WhiteElo "2275"]
[BlackElo "2076"]
[PlyCount "48"]
[GameId "2160767910096768"]
[EventDate "2009.09.10"]
[EventType "swiss"]
[EventRounds "7"]
[EventCountry "CAN"]
[SourceTitle "EXT 2011"]
[Source "ChessBase"]
[SourceDate "2011.11.26"]
[SourceVersion "1"]
[SourceVersionDate "2011.11.26"]
[SourceQuality "1"]

1. d4 Nf6 2. c4 e6 3. Nc3 Bb4 4. Qc2 d5 5. a3 Bxc3+ 6. Qxc3 Ne4 7. Qc2 e5 8. dxe5 Bf5 9. Qa4+ Nc6 10. Nf3 d4 11. Nd2 O-O 12. g4 Nc5 13. Qb5 Qe7 14. b4 Nxe5 15. gxf5 a6 16. f6 Ned3+ 17. Kd1 Qxf6 18. exd3 axb5 19. bxc5 bxc4 20. Be2 Qc6 21. Rg1 c3 22. Ne4 f5 23. Ng5 h6 24. Bf3 Qa4+ 0-1

[Event "Scarborough CC Howard Ridout Swiss"]
[Site "Toronto CAN"]
[Date "2009.09.17"]
[Round "2"]
[White "Humphreys, Michael"]
[Black "Manalo, Pepin"]
[Result "1/2-1/2"]
[WhiteElo "2209"]
[BlackElo "1863"]
[PlyCount "51"]
[GameId "2160767910096769"]
[EventDate "2009.09.10"]
[EventType "swiss"]
[EventRounds "7"]
[EventCountry "CAN"]
[SourceTitle "EXT 2011"]
[Source "ChessBase"]
[SourceDate "2011.11.26"]
[SourceVersion "1"]
[SourceVersionDate "2011.11.26"]
[SourceQuality "1"]

1. e4 c5 2. Nf3 Nc6 3. d4 cxd4 4. Nxd4 e6 5. c4 Nf6 6. Nc3 Bb4 7. Nxc6 bxc6 8. Bd3 O-O 9. e5 Bxc3+ 10. bxc3 Qa5 11. Bf4 Qxc3+ 12. Kf1 Ne8 13. Rc1 Qa3 14. Qc2 Rb8 15. Bxh7+ Kh8 16. Be4 Rb2 17. Qd1 f5 18. Bb1 Ba6 19. h4 Qc5 20. Be3 Bxc4+ 21. Kg1 Qb5 22. Bd4 Re2 23. h5 Nc7 24. Rh4 f4 25. f3 c5 26. Bf2 1/2-1/2

[Event "Scarborough CC Howard Ridout Swiss"]
[Site "Toronto CAN"]
[Date "2009.09.17"]
[Round "2"]
[White "Jizan, Masoud"]
[Black "Zhou, Kevin"]
[Result "1/2-1/2"]
[WhiteElo "1718"]
[BlackElo "1826"]
[PlyCount "67"]
[GameId "2160767910096770"]
[EventDate "2009.09.10"]
[EventType "swiss"]
[EventRounds "7"]
[EventCountry "CAN"]
[SourceTitle "EXT 2011"]
[Source "ChessBase"]
[SourceDate "2011.11.26"]
[SourceVersion "1"]
[SourceVersionDate "2011.11.26"]
[SourceQuality "1"]

1. d4 Nf6 2. c4 g6 3. Nc3 Bg7 4. e4 d6 5. Be2 O-O 6. Nf3 e5 7. Bg5 h6 8. Be3 Ng4 9. Qd2 Nxe3 10. fxe3 Nc6 11. d5 Ne7 12. Rf1 Bd7 13. h4 a6 14. g3 Kh8 15. h5 Bg4 16. hxg6 fxg6 17. O-O-O Rf6 18. Nxe5 Rxf1 19. Rxf1 Bxe5 20. Bxg4 Bxg3 21. Rf7 h5 22. Qg2 h4 23. Qf3 Ng8 24. Ne2 Be5 25. Nf4 Qg5 26. Ne6 Qh6 27. Nxc7 Rb8 28. b3 g5 29. Ne6 Nf6 30. Qf5 Nxg4 31. Qxg4 Rg8 32. Qf5 Qg6 33. Qf2 h3 34. Nf8 1/2-1/2

[Event "Scarborough CC Howard Ridout Swiss"]
[Site "Toronto CAN"]
[Date "2009.09.17"]
[Round "2"]
[White "Kurkowski, Ken"]
[Black "Rapoport, Alexander"]
[Result "0-1"]
[WhiteElo "1690"]
[BlackElo "1814"]
[PlyCount "28"]
[GameId "2160767910096771"]
[EventDate "2009.09.10"]
[EventType "swiss"]
[EventRounds "7"]
[EventCountry "CAN"]

1. d4 d5 2. c4 e6 3. Nf3 f5 4. g3 Nf6 5. Bg2 c6 6. O-O Bd6 7. Nbd2 O-O 8. b3 Qe8 9. Bb2 Nbd7 10. Ne5 Ne4 11. f3 Nxe5 12. dxe5 Bc5+ 13. Kh1 Nxg3+ 14. hxg3 Qh5+ 0-1